Normal view
MARC view
- Sharma , Hari .D ,Reddy , Krishna .R
Entry Personal Name
001 - CONTROL NUMBER
- control field: 58896
003 - CONTROL NUMBER IDENTIFIER
- control field: NUST
005 - DATE AND TIME OF LATEST TRANSACTION
- control field: 20210628202230.0
008 - FIXED-LENGTH DATA ELEMENTS
- fixed length control field: 210628|| aca||aabn | a|a d
040 ## - CATALOGING SOURCE
- Original cataloging agency: NUST
- Transcribing agency: NUST
100 ## - HEADING--PERSONAL NAME
- Personal name: Sharma , Hari .D ,Reddy , Krishna .R
670 ## - SOURCE DATA FOUND
- Source citation: Work cat.: (NUST): Sharma , Hari .D ,Reddy , Krishna .R, Geoenvironmental engineering ,site remediation,waste containment, and emerging waste management technologies, 2004
